000 01040cab a2200241 4500
001 ABS59883
008 090401t1999 xxu||||| |||| 00| 0 eng d
035 _a(Sirsi) u90715
041 _aeng
100 _aBrewer, G.
245 _aContracts that will bind
260 _c1999
350 _a0
490 _aContract Journal
_v397(6208) 13 January 1999, 25(1)
520 _aDoscusses the case of "J Murphy & Sons Ltd v ABB Daimler-Benz Transportation (Signal) Limited" which illustrates the problems which can arise when the absence of formal contract documents leads to disputes over the nature of the agreement, in particular whether all essential terms have been settled together with a clear communication of acceptance.
650 _aBUILT ENVIRONMENT-BUILDING CONTRACT FORMS
650 _aCONSTRUCTION DISPUTES
650 _aCONTRACT DOCUMENTS
650 _aJ MURPHY AND SONS LTD V ABB DAIMLER-BENZ TRANSPORTATION (SIGNAL) LTD
690 _aBUILT ENVIRONMENT-BUILDING CONTRACT FORMS
942 _n0
948 _c14/01/1999
999 _c57524
_d57524